Представление документа в формате RUSMARC

ПолеНазваниеЗначение
  Тип записи a
  Библиографический уровень m
001 Контрольный номер SKBR/b9bf98dd-da31-45c2-adc5-03624730922f
005 Дата корректировки 20260410112604.9
010 Индекс ISBN __
a ISBN 978-5-389-13666-3
b Уточнения в пер.
9 Тираж 10000 экз.
035 Другие системные номера __
a Идентификатор записи RU/Тюменская ОНБ/EKC/88/У 63-015998344
100 Данные общей обработки __
a Данные общей обработки 20260410d2025 m y0rusy028902 ca
101 Язык документа 1_
a Язык текста rus
c Язык оригинала eng
102 Страна публикации __
a Страна публикации RU
105 Кодированные данные (монография) __
a Кодированные данные (монография) y z 000yy
181 Поле кодированных данных: вид содержания _0
a Код вида содержания (ISBD) i
182 Поле кодированных данных: тип средства _0
a Код типа средства (ISBD) n
200 Заглавие и сведения об ответственности 1_
a Заглавие Зачем мы спим
e Сведения, относящиеся к заглавию новая наука о сне и сновидениях
f Первые сведения об ответственности Мэттью Уолкер
g Последующие сведения об ответственности перевод с английского В. М. Феоклистовой
203 Вид содержания и тип средства __
a Вид содержания Текст
c Тип средства непосредственный
210 Выходные данные 1_
a Место издания Москва
c Издательство КоЛибри
c Издательство Азбука-Аттикус
d Дата издания 2022
215 Физическое описание __
a Объем 477, [3] с.
c Иллюстрации/тип воспроизводства граф.
d Формат 22 см
225 Серия 2_
a Серия Мировой бестселлер
320 Библиография __
a Библиография Библиография в подстрочных примечаниях и в примечаниях: с. 471-477
330 Аннотация __
a Аннотация До недавних пор у науки не было полного представления о механизмах сна, о всем многообразии его благотворного влияния и о том, почему последствия хронического недосыпания пагубны для здоровья. Выдающийся невролог и ученый Мэттью Уолкер обобщает данные последних исследований феномена сна и приглашает к разговору на темы, связанные с одним из важнейших аспектов нашего существования.
333 Примечание о целевом назначении __
a Примечание о целевом назначении 18+. Запрещено для детей
454 Оригинал _0
1 2001
a Why we sleep. The new science of sleep and dresms
1 700 1
a Walker
b M.
g Matthew
606 Тематические рубрики __
a Основная рубрика Психология
2 Код системы nlr_sh
606 Тематические рубрики __
2 Код системы nlr_sh
a Основная рубрика Психические процессы и состояния
610 Ключевые слова 1_
a Ключевые слова сон
610 Ключевые слова 1_
a Ключевые слова сновидения
610 Ключевые слова 1_
a Ключевые слова ритмы сна
610 Ключевые слова 1_
a Ключевые слова депривация сна
610 Ключевые слова 0_
a Ключевые слова фазы сна
610 Ключевые слова 0_
a Ключевые слова здоровый сон
686 Индексы других классификаций __
2 Код системы rubbks
a Классификационный индекс 88.282
700 Автор _1
a Фамилия Уолкер
b Имя М.
g Полное личное имя Мэттью
4 Код отношения 070
f Даты 1974-
702 Вторичная интеллектуальная ответственность _1
a Фамилия Феоклистова
b Имя В. М.
4 Код отношения 730
g Полное личное имя Валентина М.
801 Источник записи _2
b Организация Тюменская ОНБ
a Страна RU
c Дата составления 20230529
g Правила каталогизации PSBO
801 Источник записи _1
b Организация Тюменская ОНБ
a Страна RU
c Дата составления 20230602
g Правила каталогизации PSBO
852 Данные о местонахождении __
i Авторский знак У 63
j Шифр хранения 88.282
901 Тип документа __
a Ответственный КиК/Обаева
t Тип документа m
901 Тип документа __
a Ответственный без партии
903 Характеристики (МАРС) __
a Дата передачи 20260410
c Наименование библиотеки (МАРС) Муниципальное бюджетное учреждение культуры "Централизованная библиотечная система" г. Сургут (Центральная городская библиотека им. А. С. Пушкина)
996 Контроль за деятельностью лиц, находящихся под иностранным влиянием __
b Текстовое указание Содержит информацию о наркотических или психотропных веществах, употребление которых опасно для здоровья. Их незаконный оборот влечет уголовную ответственность